| 000 | 00833nam a22002177a 4500 | ||
|---|---|---|---|
| 003 | JO-AjAnu | ||
| 005 | 20251012124641.0 | ||
| 008 | 251012b jo ||||| |||| 00| 0 ara d | ||
| 020 | _a9789957338398 | ||
| 040 |
_aJO-AjAnu _bara _cJO-AjAnu _dJO-AjAnu _erda |
||
| 041 |
_aara _hara |
||
| 050 |
_aGV341. _bM84 2021 |
||
| 100 | 1 |
_aمحسن، عبد الجبار سعيد _eمؤلف _966754 |
|
| 245 | 0 |
_aاساليب التدريب الرياضي / _c عبد الجبار سعيد محسن |
|
| 250 | _aالطبعة الاولى | ||
| 260 |
_aعمان : _bمؤسسة الوراق للنشر والتوزيع، _c2021 |
||
| 300 | _a201 صفحة | ||
| 504 | _aيحتوي على ملاحق وقائمة مصادر | ||
| 650 | 7 | 0 |
_aالتدريب الرياضي-اساليب التدريب-الرياضيون _966760 |
| 942 |
_2lcc _cBK _n0 |
||
| 999 |
_c34050 _d34050 |
||